ÁREA LIVRE - Final, reta após DEP/arremetida, PT - Statistics

Estatísticas Gerais
  • Esse quiz foi jogado 115 vezes
  • A pontuação média é 6 de 7
Estatísticas das Respostas
Hint Resposta % Correto
3 Abandonar circuito na PT
95%
2 Arremeter no ar, se for o caso
95%
1 Cotejar o ciente
95%
5 Acusar para Solar no través da ponte
86%
6 Trocar para Argos e acusar no través do Ventre
86%
7 Não cruzar o eixo ou entrar em Portal, a menos que Argos
comande
81%
4 Seguir paralelo ao eixo (110°) e manter altitude (mín. 2500ft) até
o través do Ventre
81%
Nenhum quiz correspondente encontrado
Distribuição das Pontuações
Porcentagem de Pessoas com Cada Pontuação
Percentil de Números Respondidos
Sua Pontuação Histórica
Você não jogou esse quiz